000 00831nam a22001937a 4500
003 BR-ViAPE
005 20260602125409.0
008 260602s1923 por gs|||| 000 0 por d
040 _cBR-ViAPE
100 _aWanderley, José de Barros
245 _aA Carta constitucional de 1824:
_bideias nela dominantes
260 _aVitória
_bOfficinas da Imprensa Estadoal
_c1923
300 _a82 p.
_bDocumento digitalizado (PDF)
500 _aDocumento digitalizado do acervo institucional do Arquivo Público do Estado do Espírito Santo - APEES.
650 _aHistória
_xConstituição
651 _aEspírito Santo (Brasil)
856 _uhttps://ape.es.gov.br/Media/ape/PDF/Livros/Livros_Historicos/Obras_raras/seculo_XIX/APEES_OR_a_carta_Constitucional_de_1824.pdf
_yCLIQUE AQUI PARA ACESSAR O DOCUMENTO
942 _2ddc
_cOBRAS_RARA
_n1
999 _c758
_d758